Songs from Glee Quiz Stats

 Plays Quiz not verified by Sporcle

Challenge
Share
Tweet
Embed
Score 0/45 Timer 10:00
0 Plays Today
Plot Song % Correct
For the duet challenge in glee, Tina and her boyfriend Mike sing this songSing
92.4%
The song New Directions perform onstage in the pilot episode to convince Will not to leave the schoolDon't Stop Believin'
90.3%
When Kurt is caught dancing to this song by his father, he claims it is a football exerciseSingle Ladies
88.2%
Rachel and Sunshine Corazon sing this duet in the bathroomTelephone
84%
After taking pseudoephedrine tablets, the girls perform a mash-up of this song and 'Halo'Walking on Sunshine
82.6%
Holly Holliday impresses the glee club by singing this songForget You
81.9%
New Directions sings this song in a mattress commercialJump
81.3%
After transferring to Dalton Academy, Kurt watches Blaine and the Warblers perform this songTeenage Dream
81.3%
Will sings this as an example of a bad song that the club can rehabilitateIce Ice Baby
80.6%
Mercedes sings this after Kurt rejects her advancesBust Your Windows
79.9%
Quinn auditions for glee club with this songI Say a Little Prayer
79.2%
Santana and Mercedes sing this duet while fighting over PuckThe Boy is Mine
79.2%
Kurt and the girls create costumes inspired by Lady Gaga and perform this songBad Romance
79.2%
New Directions performs a mash-up of Heads Will Roll and this song with the football players as the halftime routineThriller
79.2%
New Directions performs this song at the wedding of Burt Hummel and Carole HudsonMarry You
78.5%
Sam creates a one-man tribute band to Justin Bieber to try to win over Quinn, then dedicates this song to herBaby
78.5%
When Rachel says she needs a strong man who can perform a solo, Puck sings this song and dedicates it to herSweet Caroline
77.8%
In support of Artie, New Directions stages the entire routine to this song in wheelchairsProud Mary
77.8%
Even though WIll cancels The Rocky Horror Picture Show performance, he still has the glee club perform this song for themselvesTime Warp
77.8%
When Kurt and Mercedes give Sue a makeover, they also recreate the music video for this songVogue
77.1%
Will urges the glee club to embrace their perceived flaws by printing them on t-shirts to be worn during their performance of this songBorn This Way
77.1%
When Rachel meets Jesse St. James at a music library, they sing this duetHello
76.4%
At sectionals, New Directions finds their set list has been leaked, forcing them to change their set and open with Rachel singing this soloDon't Rain on My Parade
75%
Plot Song % Correct
New Directions sings this song to support Quinn after the whole school finds out she's pregnantKeep Holding On
74.3%
When Will purchases wigs for New Directions, he tries out hairography by doing a mash-up of 'Hair' and this songCrazy In Love
72.2%
The New Directions write this original song as a response to Sue's bullying and as an anthem dedicated to the underdogs of high schoolLoser Like Me
72.2%
When Finn's mom catches him singing this song to a sonogram, she realizes Quinn is pregnantI'll Stand By You
71.5%
Brittany and Santana sing this duet in a mutual hallucination at the dentist's officeMe Against the Music
71.5%
Prom kicks off with Artie, Sam, and Puck's rendition of this songFriday
71.5%
Rachel and Blaine drunkenly perform this song on karaoke after sharing a kissDon't You Want Me
68.8%
Will and Bryan Ryan audition with this song for a local production of Les MiserablesDream On
68.1%
At regionals, New Directions performs a mash-up of Lovin', Touchin', Squeezin' and this songAny Way You Want It
68.1%
When Puck performs this song for Lauren Zizes, she is insultedFat Bottomed Girls
66%
Kurt sings this at glee rehearsal after his father suffers a heart attackI Want to Hold Your Hand
64.6%
When April Rhodes is first introduced to the glee club, she sings this songLast Name
63.9%
New Directions sings this song at Sue's sister's funeralPure Imagination
62.5%
When they go to New York, Rachel and Kurt perform this duet on a broadway stageFor Good
59%
After Holly's sex lesson, Emma has the group perform this song, unaware that it is also about sexAfternoon Delight
56.9%
Kurt auditions with this song for a solo in the Warblers that he doesn't getDon't Cry for Me Argentina
53.5%
The Acafellas perform this song at an event to impress Josh GrobanI Wanna Sex You Up
51.4%
Will sings this song to try and seduce Sue in order to stand her up and humiliate herTell Me Something Good
41.7%
After April purchases the new auditorium for the glee club, she sings this with New Directions in honor of her launching an all-white production of The WizHome
40.3%
After she's talked down from her diva demanding ways, Mercedes asks the glee club to watch her perform this song with a gospel choirAin't No Way
33.3%
When Brittany breaks up with Artie, he sings this songNever Going Back Again
31.3%
After hearing the glee club practice this song, Sue returns the presents she stole and brings the New Directions members to decorate Will's apartmentWelcome Christmas
29.2%

You're not logged in!

Compare scores with friends on all Sporcle quizzes.
OR
Log In

You Might Also Like...

Show Comments

Extras

Created May 29, 2011ReportNominate
Tags:Song Quiz, glee, Song List

Top Quizzes Today


Score Distribution

Your Account Isn't Verified!

In order to create a playlist on Sporcle, you need to verify the email address you used during registration. Go to your Sporcle Settings to finish the process.

Report this User

Report this user for behavior that violates our Community Guidelines.

Details: